Viaje de D. Juan Mastai Ferreti en la América del Sud. Precedido de un ensayo biográfico de S. S. El Papa Pío IX y seguido de varias encíclicas, breves y el Syllabus
Uloženo v:
| Hlavní autor: | |
|---|---|
| Médium: | Kniha |
| Jazyk: | španělština |
| Vydáno: |
Barcelona
Librería de Gaspar y Homdedeu, calle de la Daguería, Núm. 20
1876
|
| Vydání: | 1a. ed |
| Témata: | |
| Tagy: |
Přidat tag
Žádné tagy, Buďte první, kdo vytvoří štítek k tomuto záznamu!
|
MARC
| LEADER | 00000nam a2200000 a 4500 | ||
|---|---|---|---|
| 001 | UCJ6629 | ||
| 003 | CL-VaPUC | ||
| 008 | 070124e18760000SP |||||||||||||||||spa|d | ||
| 082 | 0 | 4 | |a 910.4 |b DJR |2 21 |
| 100 | 0 | |a D. J. R. D |e author |9 513614 | |
| 245 | 1 | 0 | |a Viaje de D. Juan Mastai Ferreti en la América del Sud. Precedido de un ensayo biográfico de S. S. El Papa Pío IX y seguido de varias encíclicas, breves y el Syllabus |
| 250 | |a 1a. ed | ||
| 300 | |a 155 p | ||
| 942 | |c BK | ||
| 945 | |d 20070124 00:00:00 |a rinostro | ||
| 260 | |a Barcelona |b Librería de Gaspar y Homdedeu, calle de la Daguería, Núm. 20 |c 1876 | ||
| 500 | |a Front., retrato de Pio IX, grabado | ||
| 600 | 0 | 7 | |a PIO IX |2 CL-VaPUC |9 337647 |
| 600 | 0 | 7 | |a MASTAI FERRETTI, JUAN |2 CL-VaPUC |9 513615 |
| 650 | 0 | |a Viajes |9 257115 | |
| 650 | 7 | |a BIOGRAFIA |2 CL-VaPUC |9 504622 | |
| 650 | 0 | |a Iglesia Católica |9 256114 | |
| 650 | 0 | |a Documentos pontificios |9 255642 | |
| 650 | 0 | |a Iconografía |9 267998 | |
| 650 | 0 | |a Teología dogmática |9 313198 | |
| 650 | 0 | |a Liberalismo |9 255715 | |
| 651 | 0 | |a Argentina |9 254888 | |
| 651 | 7 | |a CHILE |2 CL-VaPUC |9 513616 | |
| 583 | |a last modification |c 20070124 00:00:00 |k Rodrigo Vera | ||
| 999 | |c 322731 |d 322729 | ||
| 952 | |0 0 |1 0 |4 0 |6 910_400000000000000_DJR_1876 |7 0 |8 X |9 401794 |a FDOBUD |b FDOBUD |d 2019-11-22 |i 1039547 |o 910.4 DJR 1876 |p 1039547 |r 2019-11-22 |w 2019-11-22 |y BK_X |k BUD | ||